| 000 | 00462nam a2200193Ia 4500 | ||
|---|---|---|---|
| 003 | OSt | ||
| 005 | 20240206092622.0 | ||
| 008 | 210210b1958 xxu||||| |||| 00| 0 eng d | ||
| 040 | _cAL | ||
| 041 | _aeng | ||
| 082 | _a536/92 | ||
| 100 |
_aNOKES (M C) _9149666 |
||
| 245 | _aRadioactivity measuring instruments | ||
| 260 |
_aLondon _bWilliam Heinemann Ltd. _c1958 |
||
| 300 | _a76 | ||
| 690 |
_aModern Physics _9149670 |
||
| 906 | _a008890 | ||
| 942 |
_2ddc _cBK |
||
| 999 |
_c126722 _d126722 |
||